00437nam a2200145Ia 450000500170000000800410001702000180005808200200007610000280009624500510012426000210017530000160019644000440021265000350025620240920120441.0240126s9999 xx 000 0 und d a9780070583245 a332.6 SUB;1 R aSubramanyam. Pratap, G. 0aInvesting banking : an odyssey in high finance bT M HaNew Delhi axxiii, 1182 aCFM-TMH perofessional series in finance aInvesting,Odyssey,high,finance